[Event "CZE-tht Extraliga 2017-18"]
[Site "Czech Republic"]
[Date "2017.12.03"]
[Round "4.5"]
[White "Worek, Joanna"]
[Black "Votava, Jan"]
[Result "0-1"]
[WhiteElo "2298"]
[BlackElo "2519"]
[Annotator "TA"]
[PlyCount "108"]
[EventDate "2017.??.??"]
[EventType "team-tourn"]
[EventCountry "CZE"]
[SourceTitle "playchess.com"]
[Source "ChessBase"]
[SourceQuality "1"]

{[%evp 17,108,25,21,-7,-9,-19,-17,-23,-21,-32,-18,-91,-79,-88,-89,-130,-82,-127,-126,-115,-116,-126,-126,-142,-129,-156,-129,-146,-145,-181,-180,-173,-181,-179,-179,-166,-135,-133,-129,-144,-123,-192,-189,-160,-147,-213,-203,-250,-230,-248,-193,-274,-274,-268,-266,-265,-244,-245,-228,-306,-302,-345,-329,-370,-365,-364,-347,-338,-335,-318,-288,-615,-665,-715,-708,-777,-745,-1091,-1042,-1199,-1101,-1089,-1058,-1210,-1096,-4800,-6432,-7573,-5696,-12843,-12845,-12832,-5323]} 1. e4 e5 2. Nf3 Nc6 3. Bc4 Nf6 4. d3 Be7 5. O-O O-O 6. c3 d6 7. h3 Kh8 {C55: Two Knights: 4 d3, 4 d4 exd4 5 e5 and Max Lange Attack} 8. Re1 Ng8 9. d4 f5 $1 {[%cal Rf5e4] [#] LiveBook: 3 Games. aiming for ...fxe4.White has an edge.} 10. dxe5 fxe4 11. Rxe4 Rxf3 $1 12. Qxf3 $146 {Black must now prevent exd6.} ({Predecessor:} 12. gxf3 Bf5 13. Re1 Nxe5 14. Bf1 Qe8 15. f4 Qg6+ {0-1 (24) Kuczynski,R (2483)-Naiditsch,A (2639) Germany 2008}) 12... d5 13. Re1 dxc4 14. Nd2 (14. e6 $1 $11 {keeps the balance.}) 14... Be6 $17 15. Qe4 Qd3 16. Nf1 Bf5 17. Qe2 Qxe2 18. Rxe2 Bd3 19. Re1 Rf8 20. Nh2 g5 21. Nf3 h6 22. b3 Kg7 23. bxc4 Bxc4 24. Be3 Kg6 25. a4 Bd5 26. Nd4 Nxe5 27. Bxg5 hxg5 28. Rxe5 c6 {[%cal Bc7c6,Bc6c5][%mdl 32]} 29. a5 (29. Ne6 $17) 29... Bf6 $19 30. Ree1 c5 31. Ne2 (31. Nb5 $17 {was necessary.}) 31... Ne7 32. Rab1 Nf5 33. Red1 Bc4 34. Ng3 (34. Nc1 {was worth a try.}) 34... Nxg3 (34... Bxc3 35. Nxf5 Rxf5 36. Rd6+ Rf6 37. Rxf6+ Bxf6 38. Rc1 $19) 35. fxg3 Rf7 ({But not} 35... Bxc3 36. Rxb7 Bd4+ 37. Kh2 $19) 36. Kh2 Kg7 ({Don't do} 36... Bxc3 37. Rbc1 $17) 37. Rbc1 Re7 38. Rd2 Be5 39. Rcd1 Bc7 40. Rd7 Kf6 41. Rxe7 Kxe7 42. Rb1 Bd5 ({Resist} 42... Bxa5 43. Rxb7+ Kd6 44. Rxa7 $19) 43. c4 Bxc4 44. Rc1 $2 {[#]} (44. Rxb7 Kd6 45. Kg1) 44... Bd5 {Black is clearly winning.} 45. Rxc5 Kd6 46. Rc1 Bxa5 47. h4 gxh4 48. gxh4 b5 {[%cal Bb7b5,Bb5b4,Bb4b3][%mdl 32]} 49. h5 Bd2 50. Rd1 Bh6 51. Ra1 b4 52. Ra6+ Bc6 53. Rxa7 b3 54. Ra3 Bd5 {Precision: White = 25%, Black = 93%.} (54... b2 $142 55. Rb3 Bc1) 0-1

[Event "CZE-tht Extraliga 2017-18"]
[Site "Czech Republic"]
[Date "2017.12.03"]
[Round "4.5"]
[White "Hollan, Martin"]
[Black "Blatny, Pavel"]
[Result "0-1"]
[WhiteElo "2163"]
[BlackElo "2337"]
[Annotator "TA"]
[PlyCount "72"]
[EventDate "2017.??.??"]
[EventType "team-tourn"]
[EventCountry "CZE"]
[SourceTitle "playchess.com"]
[Source "ChessBase"]
[SourceQuality "1"]

{[%evp 9,72,35,66,18,53,50,75,63,78,91,88,49,71,27,22,14,21,0,11,-42,-19,-35,-20,-33,0,0,8,-27,-14,-39,-19,-21,0,-48,-36,-45,-31,-35,66,54,54,43,66,94,78,-42,0,-75,-86,-135,-15,-169,-165,-169,-158,-224,-204,-212,-252,-222,-211,-295,-264,-555,-439]} 1. e4 e5 2. Nf3 Nc6 3. d4 exd4 4. Bc4 h6 5. O-O d6 6. c3 {C50: Hungarian Defence and Giuoco Pianissimo} (6. Nxd4 Ne5 7. Bb3 Nf6 8. f4 Ned7 9. Nc3 Be7 10. Qf3 g6 11. Kh1 c6 12. Be3 Qc7 13. Rae1 O-O {1-0 (33) Sie,T (2217)-Kyi,T (2123) Yangon 2016}) 6... d3 7. Qxd3 Qf6 $146 ({Predecessor:} 7... Be7 8. Bf4 Nf6 9. h3 O-O 10. b4 a6 11. Nbd2 Be6 12. Bb3 Bxb3 13. Nxb3 {1-0 (44) Restrepo,J (1944)-Trujillo,L (1682) Ibague 2013}) 8. Na3 {White is better.} a6 9. Nd4 Ne5 10. Qg3 Qg6 11. Bf4 (11. Qe3 {seems wilder.} Nxc4 12. Nxc4 Nf6 13. Re1 Ng4 14. Qe2) 11... Qxg3 12. Bxg3 Nf6 13. Rfe1 Nh5 14. f4 (14. Bxe5 $11 dxe5 15. Nf3) 14... Nxc4 $15 15. Nxc4 Be6 16. Ne3 Nxg3 17. hxg3 O-O-O 18. a4 Re8 19. b4 Bd7 20. Nc4 g5 21. b5 gxf4 22. gxf4 Rg8 23. b6 c5 (23... Bg7 $15) 24. Nf5 $14 Bxf5 25. exf5 Rxe1+ 26. Rxe1 {[%mdl 4096] Endgame Re8+ is the strong threat. KRB-KRN} Kd7 {[#]} 27. f6 (27. Kf2 $1 $16) 27... Rg6 (27... Rg4 $5 {[%cal Rg4f4]}) 28. Na5 (28. Kf2 $11) 28... Rxf6 $17 29. Nxb7 {[#]} Kc6 (29... d5 $1 $17 30. a5 Re6) 30. Na5+ $2 (30. a5 $1 $11 {and White is okay.} Kd7 31. Nd8) 30... Kxb6 $19 31. Nc4+ Kc6 32. Na5+ (32. g3 $17 {was worth a try.}) 32... Kd7 33. g3 Bg7 34. Rb1 Rg6 35. Kf2 Bxc3 36. f5 $2 (36. Nb3 {was called for.}) 36... Rf6 {Precision: White = 17%, Black = 47%.} ({Weaker is} 36... Bxa5 37. fxg6 fxg6 38. Rb8 $17) 0-1

[Event "CZE-tht Extraliga 2017-18"]
[Site "Czech Republic"]
[Date "2017.12.03"]
[Round "4.6"]
[White "Babula, Vlastimil"]
[Black "Caletka, Radomir"]
[Result "1/2-1/2"]
[WhiteElo "2548"]
[BlackElo "2307"]
[Annotator "TA"]
[PlyCount "69"]
[EventDate "2017.??.??"]
[EventType "team-tourn"]
[EventCountry "CZE"]
[SourceTitle "playchess.com"]
[Source "ChessBase"]
[SourceQuality "1"]

{[%evp 17,69,-7,-11,-11,-19,-10,-3,-8,0,-37,0,0,0,-3,-8,0,0,0,0,0,0,0,15,16,7,-4,-9,-13,0,-8,31,6,22,26,37,30,45,44,53,53,51,0,0,-265,-248,-223,-38,-43,-47,-30,-37,-45,-47,-34]} 1. d4 d5 2. c4 c6 3. Nf3 Nf6 4. e3 Bf5 5. Nc3 e6 6. Qb3 Qb6 7. Be2 Nbd7 {D12: Slav Defence: 3 Nf3 Nf6 4 e3 Bf5} 8. Bd2 (8. Nh4 Be4 9. Qxb6 axb6 10. f3 Bc2 11. cxd5 g5 12. dxe6 fxe6 13. Kd2 Ba4 14. Bc4 Nd5 15. b3 Nxc3 16. Kxc3 {0-1 (45) Benidze,D (2469)-Solak,D (2622) Kocaeli 2015}) 8... Be7 9. O-O h6 {LiveBook: 9 Games. The position is equal.} 10. Na4 $146 ({Predecessor:} 10. Rac1 O-O {½-½ (10) Domogaev,S (2400)-Neuman,P (2457) Olomouc 2017}) 10... Qxb3 11. axb3 Ne4 12. Be1 O-O 13. c5 Bf6 14. b4 a6 15. h3 g5 16. Nh2 {[#] And now f3 would win.} Bg7 17. f3 Nef6 18. f4 Ne4 19. Nf3 f6 (19... Bh7 {keeps more tension.} 20. Nc3 Rad8 21. Rd1 f6 22. g4 f5) 20. Nc3 Rae8 21. Nxe4 (21. Rd1 {is interesting.} Bh7 22. g4 Bg6 23. Ra1 Rf7 24. Kh2) 21... Bxe4 22. Nd2 {[%cal Bf3d2,Bd2b3,Bb3a5][%mdl 32]} Bg6 23. Nb3 Nb8 24. Bg3 Rf7 25. Na5 Rd7 26. fxg5 hxg5 27. Bd6 Rf7 28. Rf2 f5 29. g4 ({White should play} 29. Raf1 $14) 29... f4 $11 30. Be5 $2 {[%mdl 8192] [#]} (30. Rd1 $11) 30... Bxe5 $19 31. dxe5 f3 $2 (31... fxe3 $19 32. Rxf7 Kxf7 33. Nxb7 Ke7) 32. Rxf3 $15 Rc7 33. Nb3 Nd7 34. Nd4 Nxe5 35. Rf2 {Precision: White = 66%, Black = 49%.} 1/2-1/2

[Event "CZE-tht Extraliga 2017-18"]
[Site "Czech Republic"]
[Date "2017.12.03"]
[Round "4.6"]
[White "Petr, Martin"]
[Black "Jurasek, Miroslav"]
[Result "1-0"]
[WhiteElo "2497"]
[BlackElo "2291"]
[Annotator "TA"]
[PlyCount "53"]
[EventDate "2017.??.??"]
[EventType "team-tourn"]
[EventCountry "CZE"]
[SourceTitle "playchess.com"]
[Source "ChessBase"]
[SourceQuality "1"]

{[%evp 14,53,38,26,33,19,31,44,56,2,40,0,22,-22,20,18,43,45,49,0,87,91,200,180,180,179,243,216,350,321,346,334,341,328,437,427,421,408,603,601,2687,2532]} 1. e4 e5 2. Nf3 {[%cal Bg1f3,Bf3d4,Bd4b3][%mdl 32]} Nc6 3. d4 exd4 4. Nxd4 Bc5 5. Nb3 Bb6 6. Nc3 Qf6 7. Qe2 Nge7 8. h4 {LiveBook: 9 Partien} Nd4 {C45: Schottische Partie} (8... h6 9. Be3 d6 10. O-O-O Bd7 11. Kb1 O-O-O 12. Bxb6 axb6 13. f3 g5 14. Qf2 Qg7 15. Nb5 Kb8 16. a4 {1-0 (31) Andreikin,D (2705)-Mertanen,J (2369) Rogaska Slatina 2011}) 9. Nxd4 Bxd4 10. Bd2 O-O {Weiß steht etwas besser.} 11. g4 (11. f3 $14) 11... d5 $146 ({Vorgänger:} 11... Re8 12. g5 Qb6 13. O-O-O d6 14. Kb1 Bd7 15. Bh3 Bc6 16. Be3 Bxe3 17. fxe3 {1-0 (45) Derakhshani,D (2356)-Srija,S (1911) Porto Carras 2015}) 12. g5 (12. Nxd5 $2 Nxd5 13. exd5 Bd7 $19) 12... Qe6 13. Bh3 Qc6 14. Bg2 $36 {[%cal Re4d5][%mdl 2048] Schwarz steht unter Druck.} Be6 15. O-O-O Rad8 16. f4 {Droht f5 und aus.} (16. Kb1 {is interesting.} Rfe8 17. h5 Qb6 18. Nb5 dxe4 19. Nxd4 Rxd4 20. h6) 16... Bxc3 (16... dxe4 $11 {bleibt in der Remisbreite.} 17. Bxe4 Qd7) 17. Bxc3 $16 d4 (17... dxe4 $16 18. Bb4 (18. Bxe4 Bd5 $14) (18. Qxe4 Qxe4 19. Bxe4 Bd5 $11) 18... Rde8) 18. Rxd4 Rxd4 19. Bxd4 Bxa2 (19... Qa4 {war nötig.}) 20. Qe3 (20. Bxa7 b6 $15) 20... Re8 (20... Rd8 $142 21. Bc3 (21. Bxa7 b6 $11) 21... Bc4) 21. b3 $18 ({Lieber nicht} 21. Bxa7 b6 $11) 21... a5 22. Qc3 a4 23. Kb2 ({Weniger gut wäre} 23. Bxg7 axb3 24. Qxc6 (24. cxb3 Bxb3 25. Qxc6 Nxc6 $14) 24... Nxc6 $16) 23... Bxb3 24. cxb3 Qb5 25. Bf1 Qd7 (25... Qxb3+ $142 26. Qxb3 axb3) 26. Bxg7 {[#] zielt auf Lh6 ab.} Ng6 27. Bh6 {Precision: Weiß = 64%, Schwarz = 16%.} 1-0

[Event "CZE-tht Extraliga 2017-18"]
[Site "Czech Republic"]
[Date "2017.12.03"]
[Round "4.6"]
[White "Kraus, Tomas"]
[Black "Oral, Tomas"]
[Result "1/2-1/2"]
[WhiteElo "2427"]
[BlackElo "2512"]
[Annotator "TA"]
[PlyCount "61"]
[EventDate "2017.??.??"]
[EventType "team-tourn"]
[EventCountry "CZE"]
[SourceTitle "playchess.com"]
[Source "ChessBase"]
[SourceQuality "1"]

{[%evp 20,61,27,3,41,29,35,34,32,24,38,33,27,32,28,23,30,0,0,0,0,-11,-14,-11,-8,-13,-5,-6,0,0,0,0,0,0,0,0,0,0,0,0,0,0,0,0]} 1. Nf3 c5 2. c4 Nc6 3. Nc3 e5 4. e3 {[%cal Be2e3,Be3d4][%mdl 32]} Nf6 5. d4 cxd4 6. exd4 e4 7. Ne5 Bb4 8. Be2 Qa5 {A34: Symmetrical English: 2 Nc3, lines with ...d5} (8... O-O 9. O-O Re8 10. Bf4 Bxc3 11. bxc3 Ne7 12. c5 Ned5 13. Bd2 d6 14. cxd6 Qxd6 15. c4 Ne7 16. Bc3 {0-1 (97) Wei,Y (2740)-Adhiban,B (2671) Hoogeveen 2017}) 9. O-O Nxe5 10. dxe5 Qxe5 11. Bd2 {LiveBook: 14 Games} Be7 12. Re1 $146 {Strongly threatening Bf3!} ({Predecessor:} 12. g3 O-O 13. Bf4 Qa5 14. a3 d6 15. Nb5 Bh3 16. Re1 {1-0 (54) Kotsur,P (2552)-Narayanan,S (2440) Dubai 2013}) 12... d5 13. Nxd5 Nxd5 14. cxd5 Qxd5 15. Bc3 Qxd1 16. Bxd1 O-O 17. Rxe4 Be6 18. Bb3 Bxb3 {The position is equal.} 19. axb3 Bd6 20. Bb4 (20. g3 {looks sharper.} Rfd8 21. b4 f6 22. Rd4 Kf7 23. Kg2) 20... Bxb4 21. Rxb4 $11 {[%mdl 4096] Endgame KRR-KRR} b6 22. Rc4 Rfd8 23. Rc7 Rd2 24. g3 g6 25. Re1 Rxb2 26. Ree7 Rf8 27. Rxa7 Rxb3 28. Reb7 b5 29. Ra5 Rd8 30. Raxb5 Rxb5 31. Rxb5 {Precision: White = 80%, Black = 70%.} 1/2-1/2

[Event "CZE-tht Extraliga 2017-18"]
[Site "Czech Republic"]
[Date "2017.12.03"]
[Round "4.6"]
[White "Blahynka, Martin"]
[Black "Zwardon, Vojtech"]
[Result "1/2-1/2"]
[WhiteElo "2418"]
[BlackElo "2410"]
[Annotator "TA"]
[PlyCount "139"]
[EventDate "2017.??.??"]
[EventType "team-tourn"]
[EventCountry "CZE"]
[SourceTitle "playchess.com"]
[Source "ChessBase"]
[SourceQuality "1"]

{[%evp 15,139,54,58,59,89,52,87,50,74,65,75,57,74,59,50,68,52,16,39,-3,0,0,155,134,130,126,147,148,132,105,108,112,110,115,125,96,100,105,102,68,68,69,68,67,77,63,61,42,37,45,50,51,135,13,8,8,17,0,0,0,0,0,0,0,0,0,0,0,0,-27,0,0,0,0,0,0,0,0,0,0,0,0,0,0,0,0,0,0,0,0,0,0,0,0,0,0,-18,-18,0,0,0,0,0,0,0,0,0,0,0,0,0,0,0,0,0,0,0,0,0,0,0,0,0,0,0,0]} 1. e4 c5 2. Nf3 Nc6 3. d4 cxd4 4. Nxd4 g6 5. c4 Bg7 6. Be3 Qb6 7. Nb3 {B38: Sicilian: Maroczy Bind with 5...Bg7 and 7...0-0} Qc7 (7... Qd8 8. Qd2 Nf6 9. Nc3 O-O 10. Be2 d6 11. O-O a5 12. Nd4 a4 13. Ndb5 Qa5 14. f3 Be6 {½-½ (22) Bacrot,E (2715)-Iturrizaga Bonelli,E (2662) Linares 2017}) 8. Qd2 Nf6 {LiveBook: 8 Games} 9. Nc3 {White is slightly better.} a5 $146 ({Predecessor:} 9... O-O 10. Be2 b6 11. O-O Re8 12. f3 d6 13. Rac1 Bb7 14. Nd4 Rac8 {½-½ (58) Bubir,A (2431)-Sassler,A (2387) LSS email 2011}) 10. c5 a4 11. Nd4 Qa5 12. f3 a3 13. b3 O-O 14. Rd1 d6 15. cxd6 exd6 16. Ndb5 Be6 $1 17. Na4 Qb4 18. Nxd6 Bxb3 $2 (18... Nxe4 $11 19. Nxe4 (19. fxe4 Rxa4 20. Qxb4 Rxb4 $11) 19... Rfd8) 19. axb3 a2 20. Bc4 Ne8 {[#]} 21. Qxb4 $1 Nxb4 22. Nb5 {Strongly threatening Ke2.} a1=Q 23. Rxa1 Bxa1 24. Bc5 Nc6 25. Bxf8 Kxf8 26. O-O Bg7 27. f4 Na5 28. Nb6 Ra6 29. Nd5 Rc6 30. e5 Nxc4 31. bxc4 Rxc4 32. Ra1 Rc8 33. Ra7 g5 ({Black should try} 33... Rc5 $14 34. Nbc3 f6) 34. g3 (34. fxg5 $2 Rc1+ 35. Kf2 Rc5 $19) (34. Rxb7 $16 Rd8 35. Nb6) 34... gxf4 $11 35. gxf4 Rc5 36. Ra8 Rxb5 (36... Rxd5 $6 37. Nd6 $16) 37. Nc7 $1 {[%csl Gc7][%cal Ra8e8]} Rb1+ 38. Kg2 {[%csl Gc7][%cal Ra8e8]} Ke7 $1 (38... Rb2+ 39. Kg3 $18) 39. Nxe8 {[%mdl 4096] Endgame KRB-KRN} Bh6 40. Nf6 {[%csl Gf6][%cal Ra8e8]} Ke6 41. Nh5 Kf5 42. Rh8 Rb4 43. Kg3 {The position is equal.} ({Don't blunder} 43. Rxh7 $2 Kg6 $19) 43... b6 44. Rb8 Rb3+ (44... Bxf4+ 45. Nxf4 Rb3+ 46. Kh4 $17) 45. Kh4 Rb4 ({But not} 45... Bxf4 46. Nxf4 Kxf4 47. Rf8 $17) 46. Kg3 Rb3+ ({Much less strong is} 46... Bxf4+ 47. Nxf4 Rb3+ 48. Kh4 $17) 47. Kh4 {Threatening Rb7.} Rb2 48. Kg3 {[#]} Bxf4+ $1 {[%mdl 512]} 49. Nxf4 {aiming for Nd5. KRN-KR} Rb3+ 50. Kh4 {Nd5 is the strong threat.} Kxf4 {KR-KR} 51. Rb7 Kxe5 {Threatens to win with ...Ke6.} 52. Rxf7 Rb4+ 53. Kh5 {[#]} h6 $1 {[%mdl 512]} 54. Rb7 (54. Kxh6 Rh4+) 54... Kd5 55. Kxh6 Kc6 56. Rh7 $1 Rg4 57. Kh5 Rg8 (57... Rb4 {is more complex.} 58. h4 b5 59. Re7 Rd4 60. Kg5 Rd5+) 58. h4 b5 59. Re7 b4 60. Kh6 b3 61. h5 b2 62. Re1 Rg2 63. Kh7 Kd5 (63... Rc2 $5 64. Rb1 $8 Rg2 $11) 64. h6 Kd4 65. Kh8 Kd3 66. Rb1 Kc2 67. h7 Rh2 {[#]} 68. Rxb2+ $1 {[%mdl 512]} Kxb2 69. Kg8 Rxh7 70. Kxh7 {Precision: White = 67%, Black = 56%.} 1/2-1/2

[Event "CZE-tht Extraliga 2017-18"]
[Site "Czech Republic"]
[Date "2017.12.03"]
[Round "4.6"]
[White "Rydl, Jiri"]
[Black "Biolek, Richard Jr"]
[Result "1/2-1/2"]
[WhiteElo "2398"]
[BlackElo "2449"]
[Annotator "TA"]
[PlyCount "55"]
[EventDate "2017.??.??"]
[EventType "team-tourn"]
[EventCountry "CZE"]
[SourceTitle "playchess.com"]
[Source "ChessBase"]
[SourceQuality "1"]

{[%evp 16,55,0,-4,0,-10,-4,-14,19,37,39,29,36,6,55,7,7,13,42,-34,-26,-29,-16,-14,-14,-2,-7,-18,-21,-21,-14,-28,0,-23,0,-34,0,0,0,-43,0,0]} 1. c4 Nf6 2. g3 g6 3. Bg2 Bg7 4. Nc3 O-O 5. d3 d6 6. e3 c6 {[%cal Bc7c6,Bc6d5][%mdl 32]} 7. Nge2 d5 8. cxd5 cxd5 9. d4 {LiveBook: 43 Games} b6 {D71: Fianchetto Grünfeld: 3 g3 d5 sidelines and 5 cxd5 (without Nf3)} (9... Nc6 10. O-O e6 11. b3 b6 12. Ba3 Re8 13. Rc1 Qd7 14. Nf4 Ba6 15. Re1 Rac8 16. Nd3 Bf8 17. Bb2 Qd8 18. a3 Re7 {½-½ (17) Rakhmanov,A (2653)-Mamedov,N (2588) Izmir 2016}) 10. O-O Ba6 $146 ({Predecessor:} 10... Bb7 11. b3 Nc6 12. Ba3 Re8 13. Rc1 Rc8 14. Nf4 e6 15. Nd3 Ba6 16. Re1 Rc7 17. f4 {1-0 (31) Kagan,S-Gelfer,I Israel 1967}) 11. Re1 e6 12. e4 dxe4 13. Nxe4 Nd5 14. N2c3 Nc6 {[%cal Bb8c6,Bc6a5,Ba5b7,Bb7d6,Bd6b5][%mdl 32]} 15. Qa4 Bb7 16. Bg5 f6 {[%cal Bf7f6,Bf6f5][%mdl 32]} 17. Be3 (17. Bd2 $14) 17... Nxe3 $15 18. fxe3 f5 19. Nf2 {[%cal Be4f2,Bf2d3,Bd3f4][%mdl 32]} Na5 20. Bxb7 Nxb7 21. Nd3 Nd6 22. Nf4 Re8 23. Rad1 Qc7 24. Qb3 Qc4 25. Qa3 Nb5 26. Qa6 Nd6 27. Qa3 Nb5 28. Qa6 {Precision: White = 42%, Black = 56%.} 1/2-1/2

[Event "CZE-tht Extraliga 2017-18"]
[Site "Czech Republic"]
[Date "2017.12.03"]
[Round "4.6"]
[White "Obsivac, Josef"]
[Black "Belunek, Vladimir"]
[Result "1-0"]
[WhiteElo "2338"]
[BlackElo "2214"]
[Annotator "RC"]
[PlyCount "69"]
[EventDate "2017.??.??"]
[EventType "team-tourn"]
[EventCountry "CZE"]
[SourceTitle "playchess.com"]
[Source "ChessBase"]
[SourceQuality "1"]
[TimeControl "40/5400+30:1800+30"]

1. d4 {[%emt 0:00:00]} Nf6 {[%emt 0:00:15]} 2. c4 {[%emt 0:00:00]} e6 {[%emt 0:00:10]} 3. Nf3 {[%emt 0:03:30]} d5 {[%emt 0:05:12]} 4. Nc3 {[%emt 0:00:41]} c6 {[%emt 0:00:26]} 5. Bg5 {[%emt 0:05:01]} Nbd7 {[%emt 0:01:21]} 6. e3 {[%emt 0:00:45]} Qa5 {[%emt 0:00:50]} 7. cxd5 {[%emt 0:01:45]} exd5 {[%emt 0:01:10]} 8. Bd3 {[%emt 0:10:46]} Ne4 {[%emt 0:02:08]} 9. O-O {[%emt 0:03:41]} Nxg5 {[%emt 0:03:23]} 10. Nxg5 {[%emt 0:00:09]} Be7 {[%emt 0:00:57]} 11. f4 {[%emt 0:08:23]} Nf6 {[%emt 0:03:56]} 12. Qc2 {[%emt 0:04:49]} h6 {[%emt 0:00:52]} 13. Nf3 {[%emt 0:00:11]} O-O {[%emt 0:00:20]} 14. h3 {[%emt 0:08:29]} c5 {[%emt 0:00:41]} 15. Qf2 {[%emt 0:01:27]} c4 {[%emt 0:23:53]} 16. Bc2 {[%emt 0:01:12]} Bb4 {[%emt 0:04:51]} 17. Rfc1 {[%emt 0:02:31]} Be6 {[%emt 0:12:55]} 18. Ne5 {[%emt 0:05:26]} Bxc3 {[%emt 0:03:59]} 19. bxc3 {[%emt 0:00:06]} Nd7 {[%emt 0:00:31]} 20. f5 {[%emt 0:13:33]} Nxe5 {[%emt 0:02:07]} 21. dxe5 {[%emt 0:00:03]} Bd7 {[%emt 0:00:16]} 22. f6 {[%emt 0:04:40]} g6 {[%emt 0:00:43]} 23. Qg3 {[%emt 0:05:08]} Kh7 {[%emt 0:00:13]} 24. Rab1 {[%emt 0:08:21]} Qc7 {[%emt 0:00:47]} 25. Rd1 {[%emt 0:00:22]} Be6 {[%emt 0:00:59]} 26. Rd4 {[%emt 0:00:23]} Rh8 {[%emt 0:01:52]} 27. Rbd1 {[%emt 0:05:48]} Rad8 {[%emt 0:01:51]} 28. Kh1 {[%emt 0:00:44]} b5 {[%emt 0:01:52]} 29. Rf1 {[%emt 0:01:42]} Rd7 {[%emt 0:04:01]} 30. Rf3 {[%emt 0:01:25]} Qb8 {[%emt 0:00:54]} 31. Rh4 {[%emt 0:00:42]} Qf8 {[%emt 0:01:23]} 32. Rff4 {[%emt 0:01:01]} a5 {[%emt 0:00:59]} 33. Rh5 {[%emt 0:01:01]} b4 {[%emt 0:06:51]} 34. Rfh4 {[%emt 0:00:12]} Kg8 {[%emt 0:00:20]} 35. Bxg6 {[%emt 0:00:36]} 1-0

[Event "CZE-tht Extraliga 2017-18"]
[Site "Czech Republic"]
[Date "2017.12.03"]
[Round "4.7"]
[White "Krejci, Jan"]
[Black "Pisk, Petr"]
[Result "1/2-1/2"]
[WhiteElo "2566"]
[BlackElo "2336"]
[Annotator "TA"]
[PlyCount "28"]
[EventDate "2017.??.??"]
[EventType "team-tourn"]
[EventCountry "CZE"]
[SourceTitle "playchess.com"]
[Source "ChessBase"]
[SourceQuality "1"]

{[%evp 13,28,37,53,43,50,36,36,36,45,30,53,33,49,52,54,50,70]} 1. Nf3 d6 2. d4 Bg4 3. g3 Bxf3 4. exf3 c6 5. f4 (5. c4 g6 6. Nc3 Bg7 7. Be3 Nd7 8. Bg2 Ngf6 9. f4 O-O 10. O-O a6 11. d5 Qc7 12. Rc1 Rac8 13. Re1 cxd5 14. Nxd5 Nxd5 15. Qxd5 {0-1 (38) Hambartsumian,Y (2324)-Petrosian,T (2625) Yerevan 2016}) 5... d5 6. Bg2 {A41: Moderne Verteidigung gegen 1.d4 (mit oder ohne späterem e2-e4 und Sf6)} e6 7. O-O Nf6 {LiveBook: 3 Partien} 8. Nd2 {[%cal Bb1d2,Bd2f3,Bf3e5][%mdl 32]} Be7 $146 ({Vorgänger:} 8... Nbd7 9. Nf3 Be7 10. c3 O-O 11. Ne5 Rc8 12. Qe2 c5 {1-0 (47) Gadeo Colomina,F (2036)-Farre Selma,D (1841) Madrid 2011}) 9. Nf3 O-O 10. b3 a5 11. a4 Na6 12. Ne5 {Weiß steht etwas besser.} Qc7 13. Bb2 Rfd8 14. Qe2 Bf8 1/2-1/2

[Event "CZE-tht Extraliga 2017-18"]
[Site "Czech Republic"]
[Date "2017.12.03"]
[Round "4.7"]
[White "Rasik, Vitezslav"]
[Black "Simek, Petr"]
[Result "1-0"]
[WhiteElo "2466"]
[BlackElo "2377"]
[Annotator "TA"]
[PlyCount "41"]
[EventDate "2017.??.??"]
[EventType "team-tourn"]
[EventCountry "CZE"]
[SourceTitle "playchess.com"]
[Source "ChessBase"]
[SourceQuality "1"]

{[%evp 30,41,23,20,56,49,35,33,35,45,76,77,165,160]} 1. e4 e5 2. Nf3 Nc6 3. Bb5 a6 4. Ba4 Nf6 5. O-O Be7 6. Re1 b5 7. Bb3 O-O 8. d3 d6 9. c3 Na5 10. Bc2 c5 11. Nbd2 Re8 12. Nf1 h6 13. Ng3 Bf8 14. d4 exd4 {C90: Closed Ruy Lopez with 7...d6: Early deviations} 15. cxd4 Bg4 16. d5 {[#] LiveBook: 3 Games} Nh5 $146 {The position is equal.} ({Predecessor:} 16... Nc4 17. h3 Bxf3 18. gxf3 g6 19. b3 Nb6 20. Kh2 Bg7 21. Rb1 Nfd7 22. Rg1 {½-½ (74) Leko,P (2713)-Amin,B (2634) Tsaghkadzor 2015}) 17. h3 Bxf3 $1 18. Qxf3 Nxg3 19. Qxg3 Nc4 20. b3 Nb6 (20... Qa5 $16 {was worth a try.} 21. Re2 Na3) 21. Bxh6 $1 1-0